| 000 | 00382nam a22001337a 4500 | ||
|---|---|---|---|
| 003 | macl | ||
| 005 | 20180727134520.0 | ||
| 008 | 180727b xxu||||| |||| 00| 0 eng d | ||
| 040 | _cmacl | ||
| 245 | _aCatch Water Where it Fells:Toolkit on Urban RainWater Harvesting | ||
| 260 |
_aNew Delhi _bCentre for Science and Environment _c2013 |
||
| 650 |
_aHydrolic _972817 |
||
| 942 |
_2ddc _cBK |
||
| 999 |
_c58268 _d58268 |
||